| 000 | 01019nam a2200289Ia 4500 | ||
|---|---|---|---|
| 999 |
_c3509 _d3509 |
||
| 003 | OSt | ||
| 005 | 20200605133744.0 | ||
| 008 | 191128s9999 xx 000 0 und d | ||
| 020 | _a9789587154269 | ||
| 040 |
_aCO-JMCR _cCO-JMCR |
||
| 041 | _aspa | ||
| 082 |
_aC / _bSTRq |
||
| 100 |
_aStrada, Annalisa, autora _94931 |
||
| 245 | 0 | _a¡Qué contento estoy! / | |
| 245 | 0 | _cAnnalisa Strada ; traductor Luis Alberto González Romero | |
| 250 | _aPrimera edicion | ||
| 260 | _aBogotá | ||
| 260 | _bSan Pablo | ||
| 260 | _c2010 | ||
| 300 | _a63 páginas | ||
| 300 | _b ilustraciones a color | ||
| 300 | _c 16 cm | ||
| 520 | _aVespasiana, ¡Qué nombre!, ¿verdad? Es una tortura porque los compañeros no dejan nunca de pronunciarlo y deburlarse. No es fácil superar todo esto, pero con un poco de valentia, la situación puede cambiar totalmente entonces, la satisfacción se hara sent | ||
| 650 |
_aCuento-- _93530 |
||
| 700 |
_aGonzález Romero, Luis Alberto, _etraductor _94932 |
||
| 942 |
_2ddc _cBK |
||